000 00495nam a2200181Ia 4500
008 100917s9999 xx 000 0 und d
082 _b35758
100 _aदत्ता केशव
245 _aधंदेवाईक
260 _bमेहता पब्लीशर्स हाऊस
_c1978
300 _a58
365 _b8
520 _aनाटक
630 _aधंदेवाईक
650 _aनाटक
730 _aधंदेवाईक
942 _cBOOK
999 _c641152
_d641149